00341nam a22001337a 4500003000600000005001700006008004100023040000800064082002000072100001600092245006300108260002500171300001100196GBCCL20241126110634.0180911b ||||| |||| 00| 0 eng d cgbc aVER 246.75bNEN aNengson, PK aP.K. Nengsong lavui/ccompiled and edited by K Songkhotuan c1992aLamka:bAuthor a71p. ;